• 首页
  • 本馆介绍
  • 公告通知
  • 最新文献
  • 馆藏检索
  • 电子资源
  • 读者导购
  • 参考咨询
  • 我的图书馆
  • 登录
  • 详细信息显示
  • 放入我的书架
  • 预约/预借图书
  • 作者相关作品
  • 分类相关作品
  • 丛书相关作品
  • 出版社相关作品

书目信息

  • 表格格式
  • 工作单格式
  • 卡片格式
题名:
基因组学、蛋白质组学与疫苗
    
 
作者: 格兰迪 , Grandi 主编 ;马贤凯 译
分册:  
出版信息: 北京   化学工业出版社  2006
页数: 236页
开本: 24cm
丛书名:
单 册:
中图分类: R979.9
科图分类:
主题词: 蛋白质--基因组--应用--疫苗--研制 , 基因组--应用--疫苗--研制 , 基因组 , 疫苗 , 蛋白质
电子资源:
ISBN: 7-5025-8488-9
000 01370nam0 2200349 450
001 012007149378
005 20070523084647.17
010    @a7-5025-8488-9@dCNY40.00
100    @a20070516d2006 km y0chiy0120 ea
101 1  @achi@cita
102    @aCN@b110000
105    @aa z 001yy
106    @ar
200 1  @a基因组学、蛋白质组学与疫苗@Aji yin zu xue、dan bai zhi zu xue yu yi miao@f(意)圭多·格兰迪(Guido,Grandi)主编@F(yi)gui duo·ge lan di(Guido,Grandi)zhu bian@g马贤凯等译@Gma xian kai deng yi
210    @a北京@c化学工业出版社@d2006
215    @a236页@c图@d24cm
300    @a国外优秀科技著作出版专项基金资助
304    @a译者还有:王嘉玺、梁龙、岳俊杰
306    @a本书中文简体字版由John Wiley & Sons, Ltd.授权化学工业出版社独家出版发行
330    @a本书从疫苗产生的历史、目前存在的问题,及借几个应用“反向疫苗学”最近取得成功的例子来详细、系统地介绍了一种综合应用生物信息学、基因组学、蛋白质组学等相关技术研制疫苗的新的技术平台。
510 1  @aGenomics proteomics and vaccines@zeng
606 0  @a蛋白质@x基因组@x应用@x疫苗@x研制
606 0  @a基因组@x应用@x疫苗@x研制
606 0  @a基因组
606 0  @a疫苗
606 0  @a蛋白质
690    @aR979.9@v4
701  1 @c(意)@a格兰迪@Age lan di@b圭多@4主编
701  1 @c(意)@aGrandi@bGuido@4主编
702  0 @a马贤凯@Ama xian kai@4译
801  0 @aCN@bRULIN@c20070523
905    @dR979.9@e53@s8
    
    基因组学、蛋白质组学与疫苗/(意)圭多·格兰迪(Guido,Grandi)主编/马贤凯等译.-北京:化学工业出版社,2006
    236页:图;24cm
    国外优秀科技著作出版专项基金资助
    
    ISBN 7-5025-8488-9:CNY40.00
    本书从疫苗产生的历史、目前存在的问题,及借几个应用“反向疫苗学”最近取得成功的例子来详细、系统地介绍了一种综合应用生物信息学、基因组学、蛋白质组学等相关技术研制疫苗的新的技术平台。
●
相关链接 在E读中查询图书 在五车中查询图书 在当当中查询图书 在豆瓣中查询图书


正题名:基因组学、蛋白质组学与疫苗     索取号:R979.9/53         预约/预借

序号 登录号 条形码 馆藏地/架位号 状态 备注
1 0576978   205769783   第二样本阅览室/ [索取号:R979.9/53] 在馆    
2 0576979   205769792   教育系资料室/ [索取号:R979.9/53] 在馆    
3 0576980   205769809   第三借阅区/ [索取号:R979.9/53] 在馆    
4 0576981   205769818   教育系资料室/ [索取号:R979.9/53] 在馆    
5 0576982   205769827   第三借阅区/ [索取号:R979.9/53] 在馆    
6 0576983   205769836   第三借阅区/ [索取号:R979.9/53] 在馆    
7 0576984   205769845   教育系资料室/ [索取号:R979.9/53] 在馆    
8 0576985   205769854   教育系资料室/ [索取号:R979.9/53] 在馆    
唐山师范学院图书馆 欢迎您!
大连网信软件有限公司© 版权所有